Diseño de pavimento flexible con y sin refuerzo de Geomalla tensar proyecto: llanos de Colon – La Concordia

Presenta el diseño de pavimento flexible con y sin refuerzo de Geomalla tensar proyecto: llanos de Colon – La Concordia, se realizó un análisis de los tipos de suelos encontrados tanto en la línea como en los bancos de materiales existentes a los lados del camino, se elaboró un estudio de trafi...

Full description

Bibliographic Details
Main Author: Rosales Sánchez, Douglas Francisco
Other Authors: Tutor: Calvo Rojas, Lucas Bernardo
Format: Tesis Section = Libro
Language:Undetermined
Spanish
Published: Managua UNI 2011
Subjects:
LEADER 01259nam a2200265Ia 4500
008 240830s9999 xx 000 0 und d
040 |a BIBLIOTECA-RUPAP T.Mon 625.8 R788 
041 |a spa 
082 |a T.Mon 625.8 R788 
100 1 |a Rosales Sánchez, Douglas Francisco 
245 1 0 |a Diseño de pavimento flexible con y sin refuerzo de Geomalla tensar proyecto: llanos de Colon – La Concordia 
260 |a Managua  |b UNI  |c 2011 
300 |a 47 p. :il. 
500 |a Contiene: anexos. 
502 |a Tesis (Ingeniero Civil)- UNI, 2011. 
520 3 |a Presenta el diseño de pavimento flexible con y sin refuerzo de Geomalla tensar proyecto: llanos de Colon – La Concordia, se realizó un análisis de los tipos de suelos encontrados tanto en la línea como en los bancos de materiales existentes a los lados del camino, se elaboró un estudio de trafico tomado en cuanto los datos histórico de tráfico de la zona y se determinaron los espesores de capaz de estructura del pavimento. 
650 7 |a PAVIMENTO 
650 7 |b PAVIMENTO FLEXIBLE 
650 7 |c ESTUDIO DE SUELO 
650 7 |d ESTUDIO DE TRANSIO. 
650 7 |e PAVIMENTO – DISEÑO 
700 1 |a Tutor:  |b Calvo Rojas, Lucas Bernardo 
942 |c BK  |2 ddc 
991 |a TESIS 
999 |c 18252